000 00401nam a2200157Ia 4500
008 240729s9999 xx 000 0 und d
022 _a1661-6960
245 0 _aJournal of Noncommutative Geometry
260 _aGermany
260 _bEMS Press
650 _a Mathematics
650 _aScience
856 _uhttps://doaj.org/toc/51881c5edc104161add18d350338990c
942 _2ddc
942 _cDOAJEJ
999 _c65968
_d65968
945 _a1
_bMadushi Gamage
_c1
_dMadushi Gamage